00613nam a2200205Ia 4500003000400000005001700004008004100021020001800062040000700080041000800087082001600095100002200111245003500133260004500168300000900213650002200222942001300244999001900257952013100276OSt20251010103513.0250729s2005 xx 000 0 und d a9789387436046 cAL aeng a372.25 KAMT aKamat H D9222909 aTeaching in elementary schools aNew DelhibCommonwealth Publishersc2005 a331p aEducation9222910 2ddccBED c235664d235664 00104070aALbALd2025-07-29eSita Book Houseg170.00l0o372.25 KAMTpBED00983r2025-07-29 16:54:11v170.00w2025-07-29yBK